000 00648nam a2200229Ia 4500
003 OSt
005 20220918191818.0
006 a|||||r|||| 00| 0
007 ta
008 220917b |||||||| |||| 00| 0 eng d
024 _a65,152
037 _cTextual
040 _aARTS
_cARTS
_beng
041 _2eng
_aeng
082 _aQ8441:2I69,JB, 153J5 (EPP)
100 _aVir Singh ed
_977254
245 0 _aSri Guru Nanak Dev ji dian Gur Balam sakhian
260 _aAmritsar
_bKhalsa Samachar
_c1958
650 _aRELIGION
942 _hQ8441:2I69,JB, 153J5 (EPP)
_cTEXL
_2CC
999 _c191489
_d191489